01385nam a2200241Ia 4500001001100000003001000011008004100021040002500062041001300087100002700100245006500127250001100192260006200203300001200265500026000277501011400537520026000651650001500911942000700926957000600933999004200939952016200981L513-25864IT-CnALBA170116s9999||||xx |||||||||||||| ||und|| aIT-CnALBAcIT-CnALBA aITALIANO aMINAUDO ERNESTO, PROF. 0aARITMETICA PRATICA. PER LA 1 E 2 CLASSE DELLA SCUOLA MEDIA.  a6a ed. a TO GENOVAbLATTES S. & C. EDITORI c1968 [1° Ed.: n.d.] a351 p.  aNUMERI INTERI E DECIMALI. OPERAZIONI FONDAMENTALI. SISTEMA METRICO DECIMALE ELEVAZIONE A POTENZA. PROVA DEL NOVE. NUMERI PRIMI. M.C.D. M.C.M. FRAZIONI MISURE NON DECIMALI PER IL TEMPO E GLI ANGOLI. RADICE QUADRATA. RAPPORTI E PROPORZIONI. PERCENTUALE. INT aSocietà San Paolo EM - Piazza San Paolo, 14 - 12051 ALBA (CN) (non commercial uses only) ® Copyright 2017 aNUMERI INTERI E DECIMALI. OPERAZIONI FONDAMENTALI. SISTEMA METRICO DECIMALE ELEVAZIONE A POTENZA. PROVA DEL NOVE. NUMERI PRIMI. M.C.D. M.C.M. FRAZIONI MISURE NON DECIMALI PER IL TEMPO E GLI ANGOLI. RADICE QUADRATA. RAPPORTI E PROPORZIONI. PERCENTUALE. INT aARITMETICA cBK 71 a30651bNOg Copie: 1 c284977d284977 0010406L_5132586471aALBAbALBAd2017-01-16l0oL513-25864r2017-01-16 00:00:00w2017-01-16yBKz(data import: 16 gennaio 2017) - By Epidotti, Vaglietti.